[Event "Dosquebradas Fiestas del Progreso"]
[Site "Dosquebradas"]
[Date "2024.12.06"]
[Round "4"]
[White "Flom, Gabriel"]
[Black "Mera Rivas, Jose Moises"]
[Result "1-0"]
[WhiteElo "2448"]
[BlackElo "1929"]
[PlyCount "116"]
[EventDate "2024.12.04"]
[EventType "swiss"]
[EventRounds "9"]
[EventCountry "COL"]
[SourceTitle "CB50_2024"]
[SourceDate "2024.11.01"]
[SourceVersion "1"]
[SourceVersionDate "2024.11.01"]
[SourceQuality "2"]

1. d4 e6 2. Nf3 Nf6 3. c4 b6 4. g3 Bb7 5. Bg2 Be7 6. 0-0 0-0 7. Nc3 Ne4 8. Bd2 d6 9. d5 Nxc3 10. Bxc3 e5 11. e4 Nd7 12. Ne1 Bc8 13. Nd3 Nc5 14. f4 f6 15. b4 Nxd3 16. Qxd3 Bd7 17. a4 a5 18. b5 Qe8 19. Rf2 Qg6 20. Raf1 Qh5 21. Bf3 Bg4 22. Qe2 Bxf3 23. Rxf3 Qh3 24. R1f2 h6 25. Rg2 Qd7 26. h3 Qe8 27. h4 Qg6 28. Rf1 Rae8 29. f5 Qf7 30. g4 g5 31. fxg6 Qxg6 32. Rf5 Rf7 33. Qf3 Ref8 34. Bd2 Rg7 35. Rh5 Rh7 36. Kh2 Kh8 37. Kh3 Rg8 38. Rf2 Kg7 39. Rf5 Kh8 40. Rg2 Kg7 41. Be1 Kf7 42. h5 Qg7 43. c5 bxc5 44. Bxa5 Rc8 45. Be1 Ra8 46. a5 Kg8 47. a6 Bd8 48. Bh4 Qd7 49. Bxf6 Bxf6 50. Rxf6 Qxb5 51. Rf2 Qe8 52. a7 Rg7 53. Rf8+ Qxf8 54. Qxf8+ Rxf8 55. Rxf8+ Kxf8 56. a8Q+ Kf7 57. Qc8 Ke7 58. Qxc7+ Kf8 1-0